| 000 | 00835nam a2200241 i 4500 | ||
|---|---|---|---|
| 001 | 39291 | ||
| 003 | ES-MaACL | ||
| 005 | 20250804072406.0 | ||
| 007 | t| | ||
| 008 | 030227s1982 sp ||||1| spa d | ||
| 080 | _a821.133.1-23"19" | ||
| 100 | 1 |
_aCamus, Albert, _d1913-1960 _9240798 |
|
| 245 | 1 | 3 |
_aEl malentendido / _cAlbert Camus ; [traductor, Aurora Bernárdez y Guillermo de Torre ; revisión, Miguel Salabert]. |
| 260 |
_aMadrid : _bAlianza, _c[1982] |
||
| 300 |
_a97 p. ; _c18 cm. |
||
| 490 | 1 |
_aEl libro de bolsillo. Literatura ; _v884 |
|
| 700 | 1 |
_aBernárdez, Aurora. _928270 |
|
| 700 | 1 |
_aTorre, Guillermo de ( _d1900-1971) _9110740 |
|
| 700 | 1 |
_aSalabert, Miguel. _9101686 |
|
| 830 | 0 | 3 |
_aEl libro de bolsillo. _pLiteratura _v884 _9180913 |
| 852 |
_aES-MaACL _jL-2383 _bR.103218 |
||
| 999 |
_c39291 _d39291 |
||